00407 2200157 4500001002100000008004100021035002000062245005000082100002100132260003300153300000800186020001800194084001700212082000800229990001200237INLIS000000000000555 Ind  a0010-0924000013 aMenyusun Rencana PenelitiancTatang M. Amirin aTatang M. Amirin aJakartabRajawali Persc1990 a172 a979-421-054-4 a001.43 AMI m a000 a0000865